| 000 | 00404nam a2200169Ia 4500 | ||
|---|---|---|---|
| 008 | 230524s9999 xx 000 0 und d | ||
| 020 | _a9780141014630 | ||
| 082 | _bKAK | ||
| 100 |
_aMichio Kaku _941802 |
||
| 245 | 0 | _aParallel Worlds | |
| 250 | _a1 | ||
| 260 |
_aUnited State of America _bPenguin _c2005 |
||
| 300 | _a427p; | ||
| 500 | _aQuantity Number: 1 | ||
| 650 | _aMisalliance | ||
| 942 | _cBK | ||
| 999 |
_c56224 _d56224 |
||